|
|
|
|
| LEADER |
01400nam a2200349 a 4500 |
| 001 |
000074962 |
| 003 |
CZ BrMZK |
| 005 |
20230912085723.0 |
| 008 |
960713s1996 xr e c dcze d |
| 015 |
|
|
|a cnb000167171
|
| 020 |
|
|
|a 80-85857-12-X
|q (v knize neuvedeno)
|
| 040 |
|
|
|a BOA001
|b cze
|
| 043 |
|
|
|a e-xr---
|
| 045 |
|
|
|a x-x-
|
| 072 |
|
7 |
|a 73
|x Sochařství, keramika, porcelán, umělecké zpracování kovů
|2 Konspekt
|9 21
|
| 080 |
|
|
|a 738
|2 MRF
|
| 080 |
|
|
|a 7.036/.038
|2 MRF
|
| 080 |
|
|
|a (437.3)
|2 MRF
|
| 080 |
|
|
|a (083.824)
|2 MRF
|
| 100 |
1 |
|
|a Podmol, Jaroslav,
|d 1925-1995
|7 jn19990009954
|4 hnr
|
| 245 |
1 |
0 |
|a Jaroslav Podmol :
|b [katalog výstavy] : Alšova jihočeská galerie [oddělení keramiky Bechyně, červenec-srpen 1996] /
|c [text Milouš Růžička]
|
| 260 |
|
|
|a Hluboká nad Vltavou :
|b Alšova jihočeská galerie,
|c 1996
|
| 300 |
|
|
|a [5] s. :
|b il. ;
|c 30 cm
|
| 600 |
1 |
7 |
|a Podmol, Jaroslav,
|d 1925-1995
|7 jn19990009954
|2 czenas
|
| 648 |
|
7 |
|a 20. století
|7 ch460558
|2 czenas
|
| 650 |
0 |
7 |
|a umělecká keramika
|7 ph126880
|z Česko
|y 20. století
|2 czenas
|
| 650 |
0 |
7 |
|a moderní umění
|7 ph115340
|z Česko
|2 czenas
|
| 655 |
|
7 |
|a katalogy výstav
|7 fd132536
|2 czenas
|
| 700 |
1 |
|
|a Růžička, Milouš,
|d 1947-
|7 jn20001103775
|4 wfw
|
| 910 |
|
|
|a BOA001
|b X2-1022.051
|
| 990 |
|
|
|a BK
|
| 996 |
6 |
|
|b 2610038408
|c X2-1022.051
|l MZK
|r Sklad / do 24 hodin
|n 1
|p p.v.
|w 000074962
|u 000010
|a 1
|e BOA001
|j MZK50
|s P
|